Vista normal
Vista MARC
Entrada Término temático
Número de registros utilizados en: 1
001 - NÚMERO DE CONTROL
- campo de control: 35430
003 - IDENTIFICADOR DEL NÚMERO DE CONTROL
- campo de control: OSt
005 - FECHA Y HORA DE LA ÚLTIMA TRANSACCIÓN
- campo de control: 20260312160224.0
008 - DATOS DE LONGITUD FIJA
- campo de control de longitud fija: 260312|| aca||aabn | a|a d
040 ## - FUENTE DE LA CATALOGACIÓN
- Centro catalogador/agencia de origen: OSt
- Centro/agencia transcriptor: OSt
150 ## - ENCABEZAMIENTO--TÉRMINO DE MATERIA
- Término de materia o nombre geográfico como elemento de entrada: Federación Obrera de Chile
670 ## - FUENTE DE DATOS ENCONTRADOS
- Cita de la fuente: Work cat.: (OSt)20236: Medina A., Andrés 35428, Las centrales sindicales chilenas del siglo XX o el mito de Aktaion.